00257nam a2200109Ia 4500008004100000100001700041245003100058250000800089260003300097300000900130650000800139191201s2011 xx 000 0 und d aKAPOOR, N.D. 0aElements of Mercantile Law aRep c2011bSultan ChandaN. Delhi aMISC aMBA